Oceňovanie nehnuteľností využitie pri poskytovaní hypotekárnych úverov

Oceňovanie nehnuteľností pri poskytovaní hypotekárneho úveru. Vysvetlenie základných pojmov - hypotekárna banka, súdni znalci, znalecký a odborný posudok. Najpoužívanejšie metódy pri oceňovaní nehnuteľností: metódy nákladové, výnosové a porovnávacie. Kataster nehnuteľností a pozemková kniha.

Gespeichert in:
Bibliographische Detailangaben
1. Verfasser: Murínová, Daniela
Format: Buchkapitel
Sprache:Slowakisch
Schlagworte:
Tags: Tag hinzufügen
Keine Tags, Fügen Sie das erste Tag hinzu!

MARC

LEADER 00000naa a2200000 4500
001 r036085
005 20221207123301.9
041 0 |a slo 
044 |a SK 
245 1 0 |a Oceňovanie nehnuteľností  |b využitie pri poskytovaní hypotekárnych úverov  |c Daniela Murínová 
520 |a Oceňovanie nehnuteľností pri poskytovaní hypotekárneho úveru. Vysvetlenie základných pojmov - hypotekárna banka, súdni znalci, znalecký a odborný posudok. Najpoužívanejšie metódy pri oceňovaní nehnuteľností: metódy nákladové, výnosové a porovnávacie. Kataster nehnuteľností a pozemková kniha. 
610 2 0 |a úver hypotekárny 
610 2 0 |a banky hypotekárne 
610 2 0 |a oceňovanie 
610 2 0 |a nehnuteľnosti 
610 2 0 |a posudky znalecké 
610 2 0 |a kataster nehnuteľností 
610 2 0 |a knihy pozemkové 
100 1 |a Murínová, Daniela